00363nam a22001577a 450000500170000000800410001704100080005808200100006610000270007624500250010326000180012830000080014665000290015494200070018399900150019020160625113623.0160625b xxu||||| |||| 00| 0 eng d aeng b10166 aKnight, Robert M92069 aThe Craff of Clarity bSurjeetc2003 a139 aMass Communication92660 cBK c3976d3975